Statistics for Bruce Springsteen Songs

Click here to take the quiz!

General Stats

  • This quiz has been taken 4,150 times
    (2,581 since last reset)
  • The average score is 116 of 415

Answer Stats

AlbumAnswer% Correct
Born to Run | Chimes of Freedom | Live 1975-85Born to Run
93%
Born in the U.S.A. | Live 1975-85 | TracksBorn in the U.S.A.
92%
Live 1975-85 | The RiverThe River
85%
Born to Run | In Concert - MTV | Live 1975-85Thunder Road
78%
Born in the U.S.A.Dancing in the Dark
77%
Human Touch | In Concert - MTVHuman Touch
75%
Live 1975-85 | NebraskaNebraska
72%
Tunnel of LoveTunnel of Love
72%
18 Tracks | The PromiseThe Promise
71%
Born in the U.S.A.Glory Days
70%
Darkness | In Concert - MTV | Live 1975-85Darkness on the Edge of Town
69%
Born to RunJungleland
69%
Born in the U.S.A. | Live 1975-85I'm on Fire
68%
Darkness | Live 1975-85Badlands
67%
Live 1975-85 | The RiverHungry Heart
66%
In Concert - MTV | Lucky TownLucky Town
66%
High Hopes | The Ghost of Tom JoadThe Ghost of Tom Joad
66%
The RisingThe Rising
66%
The RiverThe Ties That Bind
66%
London Calling | Wrecking BallWrecking Ball
63%
GreetingsBlinded by the Light
62%
Born in the U.S.A. | Live 1975-85My Hometown
62%
In Concert - MTV | NebraskaAtlantic City
60%
Born to Run | Live 1975-85Tenth Avenue Freeze-Out
59%
MagicMagic
57%
Working on a DreamWorking on a Dream
57%
Born to Run | Live 1975-85Backstreets
56%
Devils & DustDevils & Dust
56%
Darkness | Live 1975-85 | The PromiseRacing in the Street
55%
Greatest Hits (95)Streets of Philadelphia
55%
High HopesHigh Hopes
53%
Greetings | Live 1975-85 | TracksGrowin' Up
52%
Born in the U.S.A. | Live 1975-85Bobby Jean
51%
Born to RunNight
51%
The WildRosalita (Come out Tonight)
51%
Live 1975-85Rosalita (Come Out Tonight)
51%
Darkness | Live 1975-85The Promised Land
51%
We Shall OvercomeWe Shall Overcome
51%
Darkness | Live 1975-85Candy's Room
50%
Born in the U.S.A. | Live 1975-85Cover Me
50%
Tunnel of LoveBrilliant Disguise
49%
Born in the U.S.A. | Live 1975-85Darlington County
49%
Born in the U.S.A. | Live 1975-85No Surrender
49%
Born in the U.S.A. | Live 1975-85Working on the Highway
49%
Darkness | Live 1975-85Adam Raised a Cain
48%
Born in the U.S.A.Downbound Train
48%
Born to RunShe's the One
48%
Greetings | Live 1975-85Spirit in the Night
48%
Born to RunMeeting Across the River
47%
DarknessProve It All Night
47%
The WildThe E Street Shuffle
47%
DarknessFactory
46%
Born in the U.S.A.I'm Goin' Down
46%
The RiverSherry Darling
46%
Live 1975-85 | The RiverIndependence Day
45%
Live 1975-85 | NebraskaJohnny 99
45%
Chimes of FreedomTougher Than The Rest
45%
Tunnel of LoveTougher Than the Rest
45%
Live 1975-85 | The RiverCadillac Ranch
44%
Live 1975-85 | The PromiseFire
44%
Chimes of FreedomChimes of Freedom
42%
GreetingsFor You
41%
Greetings | TracksMary Queen of Arkansas
41%
The RiverOut in the Street
41%
Live 1975-85 | The RiverTwo Hearts
41%
The RiverRamrod
40%
DarknessStreets of Fire
40%
The RiverWreck on the Highway
40%
Live 1975-85 | The PromiseBecause the Night
39%
The RiverDrive All Night
39%
NebraskaHighway Patrolman
39%
The WildKitty's Back
39%
GreetingsLost in the Flood
39%
The WildNew York City Serenade
39%
Greetings | Live 1975-85 | TracksIt's Hard to Be a Saint in the City
38%
The RiverJackson Cage
38%
NebraskaMansion on the Hill
38%
MagicRadio Nowhere
38%
Greatest Hits (95)Secret Garden
38%
DarknessSomething in the Night
38%
The River | TracksStolen Car
38%
The Wild4th of July, Asbury Park (Sandy)
37%
Greetings | TracksDoes This Bus Stop at 82nd Street?
37%
The RiverI Wanna Marry You
37%
London CallingLondon Calling
37%
The RiverPoint Blank
37%
NebraskaState Trooper
37%
The RisingMary's Place
36%
The RisingMy City of Ruins
36%
NebraskaMy Father's House
36%
Live 1975-854th of July, Asbury Park (Sandy)
35%
American BeautyAmerican Beauty
35%
The WildIncident on 57th Street
35%
Live 1975-85 | NebraskaReason to Believe
35%
The RisingWaitin' on a Sunny Day
35%
In Concert - MTV | Lucky TownBetter Days
34%
The WildWild Billy's Circus Story
34%
Live 1975-85 | The RiverYou Can Look (But You Better Not Touch)
34%
The Ghost of Tom JoadYoungstown
34%
Live 1975-85Jersey Girl
33%
The RiverCrush on You
32%
The RisingLonesome Day
32%
Greatest Hits (95)Murder Incorporated
32%
Tunnel of LoveOne Step Up
32%
GreetingsThe Angel
32%
MagicGirls in Their Summer Clothes
31%
Human Touch57 Channels (And Nothin' On)
30%
Live in NYC | Wrecking BallLand of Hope and Dreams
30%
Tunnel of LoveSpare Parts
30%
Live 1975-85War
30%
Wrecking BallDeath To My Hometown
29%
In Concert - MTV | Lucky TownIf I Should Fall Behind
29%
NebraskaOpen All Night
29%
Working on a DreamQueen of the Supermarket
29%
Greatest Hits (95) | TracksThis Hard Land
29%
NebraskaUsed Cars
29%
Tunnel of LoveValentine's Day
29%
We Shall Overcome | Wrecking BallAmerican Land
28%
Live in NYCAmerican Skin (41 Shots)
28%
The RiverI'm a Rocker
28%
TracksPink Cadillac
28%
Tunnel of LoveWalk Like a Man
28%
Greatest Hits (95)Blood Brothers
27%
The RiverFade Away
27%
Working on a DreamOutlaw Pete
27%
The RiverThe Price You Pay
27%
The RisingEmpty Sky
26%
The RisingParadise
26%
In Concert - MTVRed Headed Woman
26%
Wrecking BallWe Take Care of Our Own
26%
The RisingYou're Missing
26%
Tunnel of LoveAll That Heaven Will Allow
25%
Live 1975-85Seeds
25%
Working on a DreamThe Wrestler
25%
Tunnel of LoveAin't Got You
24%
High HopesAmerican Skin (41 Shots)
24%
The RisingInto the Fire
24%
Live 1975-85This Land is Your Land
24%
MagicLong Walk Home
23%
Human TouchRoll of the Dice
23%
The RisingWorlds Apart
23%
Tunnel of LoveCautious Man
22%
Lucky TownLocal Hero
22%
The Ghost of Tom JoadSinaloa Cowboys
22%
The EssentialTrapped
22%
Tunnel of LoveTwo Faces
22%
The RisingNothing Man
21%
Wrecking BallRocky Ground
21%
The RisingThe Fuse
21%
Tunnel of LoveWhen You're Alone
21%
Human Touch | In Concert - MTVI Wish I Were Blind
20%
Human Touch | In Concert - MTVMan's Job
20%
Live 1975-85Paradise by the "C"
20%
Wrecking BallShackled and Drawn
20%
MagicDevil's Arcade
19%
TracksFrankie
19%
MagicGypsy Biker
19%
Wrecking BallJack of All Trades
19%
Lucky TownLeap of Faith
19%
MagicLivin' in the Future
19%
We Shall OvercomePay Me My Money Down
19%
Human TouchPony Boy
19%
MagicTerry's Song
19%
Chimes of Freedom | TracksBe True
18%
TracksBrothers Under the Bridge
18%
We Shall OvercomeErie Canal
18%
The Ghost of Tom JoadHighway 29
18%
TracksMy Love Will Not Let You Down
18%
Devils & DustReno
18%
TracksSad Eyes
18%
Human TouchSoul Driver
18%
TracksThundercrack
18%
Devils & DustBlack Cowboys
17%
High HopesDream Baby Dream
17%
The RisingFurther On (Up the Road)
17%
We Shall OvercomeJacob's Ladder
17%
MagicLast to Die
17%
In Concert - MTVLight of Day
17%
TracksLoose Ends
17%
The Ties That BindMeet Me In The City
17%
Live 1975-85Raise Your Hand
17%
The Ghost of Tom JoadAcross The Border
16%
The PromiseCandy's Boy
16%
HammersmithDetroit Medley
16%
Wrecking BallEasy Money
16%
We Shall OvercomeJesse James
16%
In Concert - MTV | Lucky TownLiving Proof
16%
We Shall OvercomeO' Mary Don't You Weep
16%
Human TouchReal World
16%
The Promise | TracksRendezvous
16%
TracksSeaside Bar Song
16%
Lucky TownSouls of the Departed
16%
The Ghost of Tom JoadStraight Time
16%
Devils & DustThe Hitter
16%
High HopesThe Wall
16%
TracksThe Wish
16%
The Essential | The RisingCountin' on a Miracle
15%
The Ghost of Tom JoadGalveston Bay
15%
The RisingLet's Be Friends (Skin to Skin)
15%
Devils & DustLong Time Comin'
15%
Devils & DustMatamoros Banks
15%
In Concert - MTV | Lucky TownMy Beautiful Reward
15%
We Shall OvercomeMy Oklahoma Home
15%
Human TouchReal Man
15%
Lucky TownThe Big Muddy
15%
The Ghost of Tom JoadThe Line
15%
Wrecking BallThis Depression
15%
The EssentialCounty Fair
14%
TracksCynthia
14%
The Ghost of Tom JoadDry Lightning
14%
Human TouchGloria's Eyes
14%
The EssentialMissing
14%
We Shall OvercomeOld Dan Tucker
14%
TracksRoulette
14%
The EssentialViva Las Vegas
14%
Wrecking BallWe Are Alive
14%
The Ghost of Tom JoadBalboa Park
13%
Lucky TownBook of Dreams
13%
The Ties That BindCindy
13%
We Shall OvercomeFroggie Went a Courtin'
13%
TracksJohnny Bye-Bye
13%
Devils & DustLeah
13%
Devils & DustMaria's Bed
13%
The Ghost of Tom JoadMy Best Was Never Good Enough
13%
TracksShut Out the Light
13%
18 TracksThe Fever
13%
The PromiseAin't Good Enough For You
12%
High HopesHarry's Place
12%
TracksIceman
12%
TracksJaney, Don't You Lose Heart
12%
Devils & DustJesus Was an Only Son
12%
We Shall OvercomeJohn Henry
12%
High HopesJust Like Fire Would
12%
TracksMary Lou
12%
We Shall OvercomeMrs. McGrath
12%
Working on a DreamMy Lucky Day
12%
TracksPart Man, Part Monkey
12%
HammersmithQuarter to Three
12%
We Shall OvercomeShenandoah
12%
Devils & DustSilver Palomino
12%
The PromiseSpanish Eyes
12%
TracksStand on It
12%
TracksWhere the Bands Are
12%
MagicYou'll Be Comin' Down
12%
Human TouchCross My Heart
11%
The EssentialFrom Small Things (Big Things One Day Come)
11%
High HopesHunter of Invisible Game
11%
MagicI'll Work For Your Love
11%
Working on a DreamKingdom of Days
11%
TracksLion's Den
11%
Working on a DreamSurprise, Surprise
11%
Magic Tour HighlightsTurn! Turn! Turn!
11%
Human TouchWith Every Wish
11%
MagicYour Own Worst Enemy
11%
TracksZero and Blind Terry
11%
Human TouchAll or Nothin' At All
10%
Devils & DustAll the Way Home
10%
TracksBishop Danced
10%
The PromiseCity of Night
10%
High HopesFrankie Fell In Love
10%
The EssentialHeld Up Without a Gun
10%
Working on a DreamLife Itself
10%
TracksSanta Ana
10%
The Ties That BindStray Bullet
10%
Working on a DreamThe Last Carnival
10%
High HopesThis Is Your Sword
10%
Working on a DreamThis Life
10%
Live in DublinWhen the Saints Go Marching In
10%
The PromiseWrong Side of the Street
10%
Wrecking BallYou've Got It
10%
Devils & DustAll I'm Thinking About
9%
TracksCar Wash
9%
High HopesDown In The Hole
9%
Working on a DreamGood Eye
9%
High HopesHeaven's Wall
9%
We Shall OvercomeHow Can a Poor Man Stand Such Times and Live?
9%
The Ties That BindLittle White Lies
9%
TracksRestless Nights
9%
Wrecking BallSwallowed Up (In the Belly of the Whale)
9%
Human TouchThe Long Goodbye
9%
Working on a DreamTomorrow Never Knows
9%
TracksTV Movie
9%
Chapter and VerseBaby I
8%
TracksBack in Your Arms
8%
We Shall OvercomeBuffalo Gals
8%
The EssentialCode of Silence
8%
The EssentialDead Man Walkin'
8%
TracksDollhouse
8%
TracksDon't Look Back
8%
The EssentialLift Me Up
8%
The PromiseSave My Love
8%
The Ghost of Tom JoadThe New Timer
8%
Working on a DreamWhat Love Can Do
8%
The PromiseCome On (Let's Go Tonight)
7%
The PromiseGotta Get That Feeling
7%
TracksHappy
7%
TracksHearts of Stone
7%
Chapter and VerseHenry Boy
7%
TracksI Wanna Be With You
7%
TracksLinda Let Me Be the One
7%
American BeautyMary Mary
7%
The EssentialNone But the Brave
7%
The PromiseOutside Looking In
7%
TracksRicky Wants a Man of Her Own
7%
The PromiseTalk to Me
7%
The PromiseThe Brokenhearted
7%
Live in DublinThis Little Light of Mine
7%
TracksA Good Man Is Hard to Find (Pittsburgh)
6%
The PromiseBreakaway
6%
We Shall OvercomeBring 'em Home
6%
The Ties That BindChain Lightning
6%
TracksGoin' Cali
6%
American BeautyHey Blue Eyes
6%
The PromiseIt's a Shame
6%
TracksLiving on the Edge of the World
6%
TracksLoose Change
6%
TracksLucky Man
6%
The Ties That BindMr. Outside
6%
The PromiseOne Way Street
6%
The Ties That BindParty Lights
6%
TracksRockaway the Days
6%
TracksSeven Angels
6%
The PromiseSomeday (We'll Be Together)
6%
TracksTake 'em as They Come
6%
The PromiseThe Little Things (My Baby Does)
6%
TracksWages of Sin
6%
The Ties That BindWhitetown
6%
Chapter and VerseBallad of Jesse James
5%
TracksBrothers Under the Bridge '83
5%
We Shall OvercomeEyes on the Price
5%
TracksGive the Girl a Kiss
5%
Chapter and VerseHe's Guilty (The Judge Song)
5%
American BeautyHurry Up Sundown
5%
TracksLeavin' Train
5%
TracksMan at the Top
5%
The Ties That BindNight Fire
5%
TracksSo Young and in Love
5%
The EssentialThe Big Payback
5%
TracksThe Honeymooners
5%
TracksTrouble in Paradise
5%
18 TracksTrouble River
5%
TracksWhen the Lights Go Out
5%
Chapter and VerseYou Can't Judge a Book by the Cover
5%
Magic Tour HighlightsAlways a Friend
4%
TracksBring on the Night
4%
London CallingGood Lovin'
4%
We Shall OvercomeHow Can I Keep From Singing?
4%
TracksMy Lover Man
4%
TracksOver the Rise
4%
The Ties That BindThe Man Who Got Away
4%
TracksTwo for the Road
4%
TracksWhen You Need Me
4%
TracksGave it a Name
3%
London CallingHard Times (Come Again No More)
3%
The Ties That BindThe Time That Never Was
3%

Score Distribution

Percentile by Number Answered

Percent of People with Each Score

Your Score History

You have not taken this quiz since the last reset